Boys and Girls - Baby Names for 2015 - England & Wales - Statistics

General Stats
  • This quiz has been taken 831 times
  • The average score is 21 of 50
Answer Stats
NAMES % Correct
11 James
73%
1 Oliver
70%
8 William
70%
2 Olivia
69%
3 Harry
68%
3 Emily
67%
2 Jack
62%
1 Amelia
59%
4 George
59%
25 Charlotte
56%
5 Ava
55%
6 Charlie
55%
5 Jacob
52%
11 Sophie
51%
9 Thomas
51%
13 Henry
49%
24 Daniel
48%
6 Ella
48%
13 Lily
48%
9 Mia
48%
12 Sophia
48%
7 Noah
47%
8 Isabella
46%
23 Samuel
46%
14 Grace
43%
16 Joshua
43%
18 Chloe
42%
21 Joseph
42%
22 Alexander
39%
7 Jessica
39%
18 Ethan
38%
10 Poppy
38%
4 Isla
35%
14 Alfie
31%
15 Evie
30%
19 Isabelle
29%
24 Alice
28%
10 Oscar
28%
17 Ruby
27%
20 Daisy
26%
15 Leo
24%
19 Archie
23%
17 Freddie
23%
21 Freya
23%
12 Muhammad
20%
20 Isaac
19%
25 Logan
18%
16 Scarlett
18%
23 Florence
11%
22 Phoebe
9%
No matching quizzes found
Score Distribution
Percent of People with Each Score
Percentile by Number Answered
Your Score History
You have not taken this quiz